书目信息 |
| 题名: |
清华史苑
|
|
| 作者: | 邓卫 主编 | |
| 分册: | ||
| 出版信息: | 北京 清华大学出版社 2011 |
|
| 页数: | VII, 320页 | |
| 开本: | 23cm | |
| 丛书名: | 清华大学百年校庆 | |
| 单 册: | ||
| 中图分类: | G649.281 | |
| 科图分类: | ||
| 主题词: | ||
| 电子资源: | ||
| ISBN: | 978-7-302-25163-7 | |
| 000 | 00750cam 2200253 450 | |
| 001 | 012001003466 | |
| 005 | 20131026095849.0 | |
| 010 | @a978-7-302-25163-7@dCNY38.00 | |
| 099 | @aCAL 012011074910 | |
| 100 | @a20110429d2011 ekmy0chiy0121 ea | |
| 101 | 0 | @achi |
| 102 | @aCN@b110000 | |
| 105 | @aa z 000yy | |
| 106 | @ar | |
| 200 | 1 | @a清华史苑@Aqing hua shi yuan@f主编邓卫 |
| 210 | @a北京@c清华大学出版社@d2011 | |
| 215 | @aVII, 320页@c图@d23cm | |
| 225 | 2 | @a清华大学百年校庆@Aqing hua da xue bai nian xiao qing |
| 410 | 0 | @12001@a清华大学百年校庆 |
| 601 | 02 | @a清华大学@Aqing hua da xue@x校史@x史料 |
| 690 | @aG649.281@v4 | |
| 701 | 0 | @a邓卫@Adeng wei@4主编 |
| 801 | 2 | @aCN@b江苏凤凰@c20191020 |
| 905 | @b1226882-5@dG649.281@e1339@f4 | |
| 清华史苑/主编邓卫.-北京:清华大学出版社,2011 |
| VII, 320页:图;23cm.-(清华大学百年校庆) |
| ISBN 978-7-302-25163-7:CNY38.00 |
| ● |
| 相关链接 |
|
|
|
|
正题名:清华史苑
索取号:G649.281/1339
 
预约/预借
| 序号 | 登录号 | 条形码 | 馆藏地/架位号 | 状态 | 备注 |
| 1 | 1226882 | 212268829 | 第一样本阅览室/ [索取号:G649.281/1339] | 在馆 | |
| 2 | 1226883 | 212268838 | 教育系资料室/ [索取号:G649.281/1339] | 在馆 | |
| 3 | 1226884 | 212268847 | 教育系资料室/ [索取号:G649.281/1339] | 在馆 | |
| 4 | 1226885 | 212268856 | 第四借阅区/ [索取号:G649.281/1339] | 在馆 |